Analýza sezónnosti vybraného časového radu s následnou predikciou (švoč) bakalárska práca

Guardado en:
Detalles Bibliográficos
Autor principal: Muszela, Nikolett
Autor Corporativo: Fakulta hospodárskej informatiky EU. Katedra štatistiky
Otros Autores: Bolgáč, Ján, 1959-
Formato: Libro
Lenguaje:eslovaco
Publicado: Bratislava 2011
Etiquetas: Agregar Etiqueta
Sin Etiquetas, Sea el primero en etiquetar este registro!

MARC

LEADER 00000nbm a2200000 4500
001 0140962
005 20161109111724.7
041 0 |a slo 
044 |a SK 
245 1 0 |a Analýza sezónnosti vybraného časového radu s následnou predikciou (švoč)  |b bakalárska práca  |c Nikolett Muszela ; školiteľ: Ján Bolgáč 
264 1 |a Bratislava  |c 2011 
300 |a 50 s. 
100 1 |a Muszela, Nikolett 
700 1 |a Bolgáč, Ján, 1959- 
710 2 |a Fakulta hospodárskej informatiky EU. Katedra štatistiky